[Event "Cinelandia de Andrade Memorial 4th"]
[Site "Cinelandia"]
[Date "2022.08.07"]
[Round "5"]
[White "Beserra, Roberto de Oliveira"]
[Black "Mesquita, Arnaldo Leite"]
[Result "1-0"]
[WhiteElo "2032"]
[BlackElo "1736"]
[PlyCount "71"]
[EventDate "2022.08.05"]
[EventType "swiss"]
[EventRounds "5"]
[EventCountry "BRA"]
[SourceTitle "CBM 209 Extra"]
[Source "ChessBase"]
[SourceDate "2022.09.30"]
[SourceVersion "1"]
[SourceVersionDate "2022.09.30"]
[SourceQuality "1"]

1. e4 Nf6 2. e5 Nd5 3. Nf3 d6 4. exd6 exd6 5. d4 Bg4 6. Be2 Be7 7. 0-0 0-0 8. c4 Nb6 9. b3 Nc6 10. Bb2 Bf6 11. Nbd2 Re8 12. Re1 Qd7 13. a3 a5 14. Qc2 Bh5 15. d5 Bxf3 16. Nxf3 Ne5 17. Nxe5 Bxe5 18. Bd3 g6 19. h3 f5 20. Rad1 Qg7 21. Bxe5 Rxe5 22. c5 Nd7 23. cxd6 cxd6 24. Bb5 Nc5 25. b4 axb4 26. axb4 Rxe1+ 27. Rxe1 Ra1 28. Rxa1 Qxa1+ 29. Kh2 Qe5+ 30. g3 Qe4 31. Qc3 Qb1 32. bxc5 Qxb5 33. cxd6 Qxd5 34. Qc8+ Kg7 35. Qc7+ Kh6 36. d7 1-0

[Event "Cinelandia de Andrade Memorial 4th"]
[Site "Cinelandia"]
[Date "2022.08.06"]
[Round "2"]
[White "Beserra, Roberto de Oliveira"]
[Black "Veiga Da Silva, Paulo Roberto Costa"]
[Result "1-0"]
[WhiteElo "2032"]
[BlackElo "1800"]
[PlyCount "65"]
[EventDate "2022.08.05"]
[EventType "swiss"]
[EventRounds "5"]
[EventCountry "BRA"]
[SourceTitle "CBM 209 Extra"]
[Source "ChessBase"]
[SourceDate "2022.09.30"]
[SourceVersion "1"]
[SourceVersionDate "2022.09.30"]
[SourceQuality "1"]

1. e4 e5 2. Nf3 Nc6 3. Bb5 a6 4. Ba4 Nf6 5. d3 b5 6. Bb3 Be7 7. 0-0 0-0 8. c3 d6 9. h3 Bb7 10. Re1 Na5 11. Bc2 c5 12. Nbd2 Nc6 13. Nf1 Re8 14. Ng3 Bf8 15. Nh2 Ne7 16. f4 exf4 17. Bxf4 Ng6 18. Bg5 Be7 19. Nf5 h6 20. Nxe7+ Qxe7 21. Be3 Qc7 22. Ng4 Nxg4 23. Qxg4 Rad8 24. Rad1 d5 25. exd5 Bxd5 26. d4 cxd4 27. Bxd4 Qf4 28. Rxe8+ Rxe8 29. Qd7 Re2 30. Qd8+ Kh7 31. Bxg6+ fxg6 32. Qxd5 Rxb2 33. Qd7 1-0